Wireless data network / (Record no. 39814)
[ view plain ]
| 000 -LEADER | |
|---|---|
| fixed length control field | 00716nam a22002057a 4500 |
| 005 - DATE AND TIME OF LATEST TRANSACTION | |
| control field | 2010080608458.0 |
| 010 ## - LCCN (DPL NO) | |
| LC control number | ENG-98653 |
| 020 ## - INTERNATIONAL STANDARD BOOK NUMBER | |
| International Standard Book Number | 9788190782107 |
| Terms of availability | 115.00 |
| 035 ## - SYSTEM CONTROL NUMBER | |
| System control number | EN-82185 |
| 037 ## - SOURCE OF ACQUISITION | |
| Source of stock number/acquisition | DBAD/PUB |
| 082 ## - DEWEY DECIMAL CLASSIFICATION NUMBER | |
| Classification number | 621.3981 |
| 100 ## - MAIN ENTRY--PERSONAL NAME | |
| Personal name | Kanimozhi, G. |
| 245 ## - TITLE STATEMENT | |
| Title | Wireless data network / |
| Statement of responsibility, etc | by G..Kanimozhi |
| 260 ## - PUBLICATION, DISTRIBUTION, ETC. (IMPRINT) | |
| Place of publication, distribution, etc | Karadacherry |
| Name of publisher, distributor, etc | Aruma Publications |
| Date of publication, distribution, etc | 2008 |
| 270 ## - ADDRESS | |
| City | Karadacherry |
| Address | 35,Gandhi Colony |
| Postal code | 613703 |
| 300 ## - PHYSICAL DESCRIPTION | |
| Extent | 119p.: |
| Dimensions | 21cm (pbk) |
| 650 ## - SUBJECT ADDED ENTRY--TOPICAL TERM | |
| Topical term or geographic name as entry element | Data Transmission System |
| 942 ## - ADDED ENTRY ELEMENTS (KOHA) | |
| Source of classification or shelving scheme | Dewey Decimal Classification |
| Item type | English Books |
| Classification part | 621.3981 |
| Call number suffix | KAN |
| Withdrawn status | Lost status | Not for loan | Collection code | Home library | Current library | Date acquired | Source of acquisition | Cost, normal purchase price | Full call number | Barcode | Copy number | Cost, replacement price | Koha item type |
|---|---|---|---|---|---|---|---|---|---|---|---|---|---|
| Not For Loan | Non-fiction | D.B.Act.Division | D.B.Act.Division | 06/08/2010 | DBAD/PUB | 115.00 | 621.3981 KAN | EN-82185 | 1 | 115.00 | English Books |
